000 01823cam a22002054a 4500
005 20250605164038.0
008 250528s ||||||||||||||||||||||||d
035 _a16890
020 _a9602204842
040 _aGR-AtMCL
_bgre
_dGR-AtMCL
_eAACR2
245 1 _aΕμπορικές Εκθέσεις / Τεχνική της Συμμετοχής και της Επικοινωνίας
260 _c1994
300 _a360
520 _aΟι διεθνείς ανακατατάξεις σε συσχετισμό με τη φιλελευθεροποίηση των εμπορικών συναλλαγών, συμβάλουν στη δημιουργία ενός νέου ανταγωνιστικού περιβάλλοντος που επηρεάζει άμεσα τη φιλοσοφία των επιχειρήσεων για το ρόλο του μάρκετινγκ και κατ'επέκταση την τεχνική προώθησης των προϊόντων τους. Εισαγωγή, Ο Θεσμός των Εμπορικών Εκθέσεων - Εκδηλώσεων, Εμπορικές Εκθέσεις - Εκδηλώσεις, Ευρωπαϊκή Ένωση και Εμπορικές Εκθέσεις, Το Προεκθεσιακό Στάδιο, Φάση Λήψης Απόφασης για Συμμετοχή, Φάση Διοργάνωσης της Συμμετοχής, Το Εκθεσιακό Στάδιο, Φάση Λειτουργίας/ Επικοινωνία με τον Επισκέπτη, Το Μετεκθεσιακό Στάδιο, Φάση Μεταλειτουργικών Εργασιών, Παράρτημα, Βιβλιογραφία.
700 1 _aΔρ. Ι. Γ. Κριτσιωτάκις
_92981
700 1 _aΚριτσωτάκις Ι. Γ
_92982
942 _cBK
999 _c2340
_d2340